| 000 | 01419cas a22002295a 4500 | ||
|---|---|---|---|
| 001 | L137803 | ||
| 008 | 100803c2006 xxkar wf ss 000 00eng d | ||
| 035 | _a(Sirsi) u137803 | ||
| 041 | 0 | _aeng | |
| 110 | 2 |
_aJones Lang LaSalle _93755 |
|
| 245 | 0 | 0 |
_aRetail OSCAR _bservice charge analysis for shopping centres _h[electronic resource] |
| 260 |
_aLondon _bJLL _c2006- |
||
| 362 | 0 | _a2006- | |
| 490 | 0 | _aJones Lang LaSalle Retail OSCAR Service Charge Analysis for Shopping Centres | |
| 520 | _aJones Lang LaSalle's Retail OSCAR is the largest survey of shopping centre service charge information in the UK. The significant, representative sample of shopping centres which contribute to this report allows the reader to examine current trends and comparisons across type, size and location of each of the RICS approved heads of expenditure. Note: Retail OSCAR 2008 uploaded 16/11/2009; Retail Oscar 2007 uploaded 01/07/2008, and Retail Oscar 2006 uploaded 05/05/2006. | ||
| 554 | _aAnnual | ||
| 651 | 4 |
_aUnited Kingdom _y |
|
| 690 | _aPROPERTY-COMMERCIAL PROPERTY-COMMERCIAL PROPERTY MARKET | ||
| 690 | _aPROPERTY-COMMERCIAL PROPERTY-LEASEHOLD COMMERCIAL PROPERTY-COMMERCIAL LANDLORD AND TENANT-COMMERCIAL SERVICE CHARGES | ||
| 856 | 4 | 0 |
_uhttps://www.joneslanglasalle.co.uk/UnitedKingdom/EN-GB/Pages/ResearchFilter.aspx _zView the item free of charge after registration at www.joneslanglasalle.co.uk... |
| 942 | _n0 | ||
| 999 |
_c118915 _d118915 |
||